Most chips in college football - Statistics

General Stats
  • This quiz has been taken 25 times
    5 since last reset
  • The average score is 6 of 13
Answer Stats
Hint Answer #NO % Correct
2 Alabama 16
100%
5 Michigan 11
100%
10 Nebraska 5
67%
4 Notre Dame 13
67%
7 Ohio State 8
67%
7 Penn State 8
67%
7 Harvard 8
33%
9 Minnisota 6
33%
8 Oklahoma 7
33%
3 Princeton 15
33%
1 Yale 18
33%
10 Maimi 5
0%
6 USC 10
0%
No matching quizzes found
Score Distribution
Percent of People with Each Score
Percentile by Number Answered
Your Score History
You have not taken this quiz since the last reset